000 00392nam a2200157Ia 4500
008 240729s9999 xx 000 0 und d
022 _a1475-4924
245 0 _aJournal of Biology
260 _aUnited Kingdom
260 _bBMC
650 _a Biology (General)
650 _aScience
856 _uhttps://doaj.org/toc/db9d475b7d7e49bcb289043baf346055
942 _2ddc
942 _cDOAJEJ
999 _c71893
_d71893
945 _a1
_bMadushi Gamage
_c1
_dMadushi Gamage